000 00560nam a22002297a 4500
003 UA-OsUOA
001 100509
007 ta
008 20130528b un ||||| |||| 00| 0 ukr d
100 _aЦвейг А.
090 _a821.182.2
_bЦ26
942 _cBK
040 _aUA-OsUOA
_brus
_cUA-OsUOA
_dUA-OsUOA
245 _aЗатишье
_bроман
300 _a366 с.
955 _a3
041 _arus
080 _a821.182.2
260 _aМ.
_c1959
650 7 _a82 Література. Літературознавство
_2UDC
999 _c387148
_d387148